[Event "SA-2019-0-00666"]
[Site "LSS email"]
[Date "2019.01.25"]
[Round "?"]
[White "Tylecek, Drahomir"]
[Black "Kubasky, Alojz"]
[Result "1/2-1/2"]
[WhiteElo "2188"]
[BlackElo "2171"]
[PlyCount "47"]
[EventDate "2019.01.05"]
[EventType "tourn (corr)"]
[EventRounds "6"]
[EventCountry "GER"]
[SourceTitle "Corr 2022"]
[Source "ChessBase"]
[SourceDate "2021.10.24"]
[SourceVersion "1"]
[SourceVersionDate "2021.10.24"]
[SourceQuality "1"]

1. Nf3 Nf6 2. c4 g6 3. d4 Bg7 4. Nc3 d5 5. cxd5 Nxd5 6. e4 Nxc3 7. bxc3 c5 8. Rb1 0-0 9. Be2 Nc6 10. d5 Ne5 11. Nxe5 Bxe5 12. Qd2 e6 13. f4 Bc7 14. 0-0 exd5 15. exd5 Ba5 16. d6 Rb8 17. Ba3 Bf5 18. Rbd1 Qf6 19. Bxc5 Bxc3 20. Qd5 Be6 21. Qf3 b6 22. Bf2 Bb4 23. d7 Bc5 24. Bb5 1/2-1/2

[Event "SA-2017-0-00610"]
[Site "LSS email"]
[Date "2017.11.30"]
[Round "?"]
[White "Kubasky, Alojz"]
[Black "Koch, Christian"]
[Result "1/2-1/2"]
[WhiteElo "2177"]
[BlackElo "2286"]
[PlyCount "63"]
[EventDate "2017.11.08"]
[EventType "tourn (corr)"]
[EventRounds "6"]
[EventCountry "GER"]
[SourceTitle "Corr 2022"]
[Source "ChessBase"]
[SourceDate "2021.10.24"]
[SourceVersion "1"]
[SourceVersionDate "2021.10.24"]
[SourceQuality "1"]

1. e4 c5 2. Nf3 d6 3. d4 cxd4 4. Nxd4 Nf6 5. Nc3 a6 6. Be3 e5 7. Nb3 Be6 8. f3 h5 9. Qd2 Nbd7 10. Nd5 Bxd5 11. exd5 g6 12. Be2 Bg7 13. 0-0 b6 14. a4 0-0 15. h3 Qc7 16. c3 Qb7 17. Rfd1 Rfe8 18. Ra3 Kh7 19. c4 a5 20. Qe1 Nc5 21. g4 Kg8 22. Qh4 Qd7 23. Kg2 Rab8 24. Rf1 Nxb3 25. Rxb3 hxg4 26. hxg4 Qxa4 27. Rb5 Nd7 28. Rc1 Nc5 29. Bh6 Rbc8 30. Rxb6 Rb8 31. Rxb8 Rxb8 32. Kf2 1/2-1/2

[Event "SA-2017-0-00600"]
[Site "LSS email"]
[Date "2017.10.01"]
[Round "?"]
[White "Jarabinsky, Martin"]
[Black "Kubasky, Alojz"]
[Result "1-0"]
[WhiteElo "2260"]
[BlackElo "2176"]
[PlyCount "123"]
[EventDate "2017.09.03"]
[EventType "tourn (corr)"]
[EventRounds "6"]
[EventCountry "GER"]
[SourceTitle "Corr 2022"]
[Source "ChessBase"]
[SourceDate "2021.10.24"]
[SourceVersion "1"]
[SourceVersionDate "2021.10.24"]
[SourceQuality "1"]

1. e4 e5 2. Nf3 Nc6 3. Bc4 Nf6 4. d3 Bc5 5. c3 d6 6. 0-0 0-0 7. h3 a6 8. a4 Ba7 9. Nbd2 Ne7 10. Re1 Ng6 11. Bb3 h6 12. Nf1 c6 13. Ng3 d5 14. exd5 Nxd5 15. d4 exd4 16. Nxd4 Be6 17. Bc2 Bd7 18. Ndf5 Qb6 19. Rf1 Qc7 20. c4 Ndf4 21. Qd6 Bb8 22. Rd1 Be6 23. b3 Qa5 24. Bd2 Bxd6 25. Bxa5 Be5 26. Rab1 Rab8 27. Bb4 Rfe8 28. Ne3 b6 29. a5 c5 30. Ba3 Bd4 31. axb6 Rxb6 32. b4 Bxh3 33. Nd5 Bxg2 34. bxc5 Rxb1 35. Bxb1 Bf6 36. Bxg6 Bf3 37. Nxf4 Bxd1 38. Bd3 Bf3 39. Kf1 h5 40. Ngxh5 Bg5 41. Be2 Bxe2+ 42. Nxe2 Re4 43. Nhg3 Rxc4 44. Nf5 Bd8 45. Ne3 Ra4 46. Bb2 Bg5 47. Nd5 Rc4 48. Bd4 Bd2 49. Kg2 a5 50. Nb6 Rc2 51. Kf3 Bb4 52. Na4 Kf8 53. Nac3 Bxc3 54. Nxc3 a4 55. Nb5 Ke7 56. Ke4 Ke6 57. Kd3 Rc1 58. Be3 Rb1 59. Kc4 Rb2 60. Nd4+ Kd7 61. c6+ Kd6 62. f3 1-0

[Event "SA-2017-0-00600"]
[Site "LSS email"]
[Date "2017.10.01"]
[Round "?"]
[White "Kahl, Fred"]
[Black "Kubasky, Alojz"]
[Result "1/2-1/2"]
[WhiteElo "2395"]
[BlackElo "2176"]
[PlyCount "77"]
[EventDate "2017.09.03"]
[EventType "tourn (corr)"]
[EventRounds "6"]
[EventCountry "GER"]
[SourceTitle "Corr 2022"]
[Source "ChessBase"]
[SourceDate "2021.10.24"]
[SourceVersion "1"]
[SourceVersionDate "2021.10.24"]
[SourceQuality "1"]

1. Nf3 Nf6 2. c4 e6 3. g3 d5 4. b3 Be7 5. Bg2 0-0 6. 0-0 c5 7. cxd5 Nxd5 8. Bb2 Nc6 9. Nc3 Bf6 10. Qc2 Ndb4 11. Qb1 b6 12. Rd1 Ba6 13. d3 Rc8 14. Ne4 Bxb2 15. Qxb2 Qe7 16. Rac1 Nd5 17. Ne5 Nxe5 18. Qxe5 Rfd8 19. a3 h6 20. Nd2 Nc7 21. Nc4 Nb5 22. e3 Nd6 23. h4 Nf5 24. Qe4 Bb5 25. Qg4 Qc7 26. a4 Be8 27. Rd2 Qe7 28. Rcd1 Kf8 29. Qe2 e5 30. Bh3 Qf6 31. Qf3 Bd7 32. Kh2 Rc7 33. Qe4 Re8 34. h5 Nd6 35. Nxd6 Qxd6 36. a5 Bxh3 37. Kxh3 Qe6+ 38. g4 Qxb3 39. axb6 1/2-1/2

[Event "SA-2017-0-00568"]
[Site "LSS email"]
[Date "2017.03.08"]
[Round "?"]
[White "Kubasky, Alojz"]
[Black "Muniz Pardino, Alberto"]
[Result "1/2-1/2"]
[WhiteElo "2176"]
[BlackElo "2224"]
[PlyCount "91"]
[EventDate "2017.02.06"]
[EventType "tourn (corr)"]
[EventRounds "6"]
[EventCountry "GER"]
[SourceTitle "Corr 2022"]
[Source "ChessBase"]
[SourceDate "2021.10.24"]
[SourceVersion "1"]
[SourceVersionDate "2021.10.24"]
[SourceQuality "1"]

1. e4 c5 2. Nf3 d6 3. d4 cxd4 4. Nxd4 Nf6 5. Nc3 g6 6. Be3 Bg7 7. f3 Nc6 8. Qd2 0-0 9. 0-0-0 d5 10. exd5 Nxd5 11. Nxc6 bxc6 12. Bd4 Bxd4 13. Qxd4 Qb6 14. Na4 Qc7 15. Bc4 Rd8 16. Nc5 Bf5 17. Bb3 Nf4 18. Qf2 Rxd1+ 19. Rxd1 Rd8 20. Re1 h5 21. g3 Nd5 22. Rd1 Nf6 23. Rxd8+ Qxd8 24. c3 e5 25. Bc2 Bxc2 26. Kxc2 Qb6 27. Nd3 Qxf2+ 28. Nxf2 Nd7 29. b4 f5 30. h4 Kf7 31. a4 Ke6 32. c4 Kf6 33. a5 Ke7 34. Kd2 Nf8 35. Nd3 Kd6 36. Kc3 Ne6 37. f4 e4 38. Ne5 Nf8 39. b5 cxb5 40. cxb5 Kc5 41. b6 axb6 42. a6 Ne6 43. a7 Nc7 44. Kd2 b5 45. Nxg6 Kb6 46. Ne7 1/2-1/2

[Event "SA-2017-0-00568"]
[Site "LSS email"]
[Date "2017.03.08"]
[Round "?"]
[White "Kubasky, Alojz"]
[Black "Van Bommel, Ton"]
[Result "1/2-1/2"]
[WhiteElo "2176"]
[BlackElo "2212"]
[PlyCount "72"]
[EventDate "2017.02.06"]
[EventType "tourn (corr)"]
[EventRounds "6"]
[EventCountry "GER"]
[SourceTitle "Corr 2022"]
[Source "ChessBase"]
[SourceDate "2021.10.24"]
[SourceVersion "1"]
[SourceVersionDate "2021.10.24"]
[SourceQuality "1"]

1. e4 c5 2. Nf3 d6 3. d4 cxd4 4. Nxd4 Nf6 5. Nc3 a6 6. Be3 e5 7. Nb3 Be6 8. f3 h5 9. Qd2 Nbd7 10. Nd5 Bxd5 11. exd5 g6 12. Be2 Bg7 13. 0-0 b6 14. c4 0-0 15. Rae1 Re8 16. Bf2 Qc7 17. Bd3 Rac8 18. Kh1 a5 19. Qe2 Nh7 20. Qd1 Nhf6 21. Nd2 e4 22. Bxe4 Nxe4 23. Nxe4 f5 24. Ng5 Qxc4 25. Re6 Nf8 26. b3 Qf4 27. Rxe8 Rxe8 28. h4 a4 29. Re1 Rxe1+ 30. Qxe1 axb3 31. axb3 Qe5 32. Qxe5 Bxe5 33. Bxb6 Bg3 34. b4 Bxh4 35. Be3 Bxg5 36. Bxg5 Kf7 1/2-1/2

[Event "SA-2015-0-00494"]
[Site "LSS email"]
[Date "2015.11.02"]
[Round "?"]
[White "Chmela, Zdenek"]
[Black "Kubasky, Alojz"]
[Result "1-0"]
[WhiteElo "2120"]
[BlackElo "2190"]
[PlyCount "87"]
[EventDate "2015.10.02"]
[EventType "tourn (corr)"]
[EventRounds "6"]
[EventCountry "GER"]
[SourceTitle "Corr 2022"]
[Source "ChessBase"]
[SourceDate "2021.10.24"]
[SourceVersion "1"]
[SourceVersionDate "2021.10.24"]
[SourceQuality "1"]

1. d4 e6 2. c4 Nf6 3. Nc3 Bb4 4. e3 0-0 5. Bd3 d5 6. Nf3 c5 7. 0-0 dxc4 8. Bxc4 Nbd7 9. a3 cxd4 10. axb4 dxc3 11. bxc3 Qc7 12. Qb3 Nb6 13. Be2 e5 14. c4 Be6 15. Bb2 Bxc4 16. Rfc1 Bxb3 17. Rxc7 Nfd5 18. Rxb7 f6 19. Nd2 Ba4 20. Nc4 Rfc8 21. Nxb6 Nxb6 22. h4 Rcb8 23. Rc7 Rc8 24. Rc5 Rd8 25. Bc3 Be8 26. Be1 Rd7 27. f3 Rb8 28. e4 Nc8 29. Bc4+ Bf7 30. Bb5 Re7 31. Bf2 Nd6 32. Be2 Rxb4 33. Rc6 Rb2 34. Bc5 Be8 35. Rxd6 Rxe2 36. Rd8 Re6 37. Rxa7 Rc2 38. Ba3 h6 39. Be7 Kf7 40. Bb4+ Kg8 41. h5 Rc1+ 42. Kh2 Rcc6 43. Rda8 Kh7 44. Bf8 1-0

[Event "SA-2015-0-00493"]
[Site "LSS email"]
[Date "2015.10.28"]
[Round "?"]
[White "Hlavica, Bretislav"]
[Black "Kubasky, Alojz"]
[Result "1/2-1/2"]
[WhiteElo "2115"]
[BlackElo "2190"]
[PlyCount "52"]
[EventDate "2015.09.24"]
[EventType "tourn (corr)"]
[EventRounds "6"]
[EventCountry "GER"]
[SourceTitle "Corr 2022"]
[Source "ChessBase"]
[SourceDate "2021.10.24"]
[SourceVersion "1"]
[SourceVersionDate "2021.10.24"]
[SourceQuality "1"]

1. d4 e6 2. c4 Nf6 3. Nc3 Bb4 4. e3 c5 5. Bd3 0-0 6. Nf3 d5 7. 0-0 dxc4 8. Bxc4 Nbd7 9. Qe2 b6 10. Rd1 cxd4 11. exd4 Bb7 12. Bd2 Rc8 13. Bd3 Bxc3 14. bxc3 Qc7 15. Rac1 Nd5 16. Ng5 h6 17. Ne4 Nf4 18. Qg4 e5 19. Bxf4 exf4 20. Qf5 Rfd8 21. c4 g6 22. Qh3 Bxe4 23. Bxe4 Nf6 24. Bf3 Kg7 25. Bg4 Nxg4 26. Qxg4 Qd6 1/2-1/2